Selection from the poems of john keats and percy bysshe shelley / (Record no. 194118)
[ view plain ]
| 000 -LEADER | |
|---|---|
| fixed length control field | 00501 a2200145 4500 |
| 003 - CONTROL NUMBER IDENTIFIER | |
| control field | NUST |
| 005 - DATE AND TIME OF LATEST TRANSACTION | |
| control field | 20230131182912.0 |
| 040 ## - CATALOGING SOURCE | |
| Transcribing agency | Nust |
| 082 ## - DEWEY DECIMAL CLASSIFICATION NUMBER | |
| Classification number | 942,SEL |
| 245 ## - TITLE STATEMENT | |
| Title | Selection from the poems of john keats and percy bysshe shelley / |
| Statement of responsibility, etc. | Edited by Richard Wilsons. Litt |
| 260 ## - PUBLICATION, DISTRIBUTION, ETC. | |
| Place of publication, distribution, etc. | new yourk |
| Name of publisher, distributor, etc. | E.P.Dutton and Company |
| Date of publication, distribution, etc. | 1932 |
| 300 ## - PHYSICAL DESCRIPTION | |
| Extent | 256 p; |
| 505 ## - FORMATTED CONTENTS NOTE | |
| Formatted contents note | Introduction (Page-5), Selection From Keat’s Poems (Page-22), Selections From Shelley’s Poems (Page-103). |
| 942 ## - ADDED ENTRY ELEMENTS (KOHA) | |
| Source of classification or shelving scheme | |
| Koha item type | Book |
| Call number prefix | 942,SEL |
| Withdrawn status | Lost status | Source of classification or shelving scheme | Damaged status | Not for loan | Permanent Location | Current Location | Shelving location | Date acquired | Full call number | Barcode | Date last seen | Price effective from | Koha item type | Public note |
|---|---|---|---|---|---|---|---|---|---|---|---|---|---|---|
| Military College of Signals (MCS) | Military College of Signals (MCS) | General Stacks | 12/12/2016 | 942,SEL | MCS29964 | 12/08/2016 | 12/12/2016 | Book | Almirah No.60, Shelf No.5 |
